Numerical Modeling of Soil Constitutive Relationship/ (Record no. 50579)

MARC details
000 -LEADER
fixed length control field 00552nam a22001697a 4500
003 - CONTROL NUMBER IDENTIFIER
control field OSt
008 - FIXED-LENGTH DATA ELEMENTS--GENERAL INFORMATION
fixed length control field 260513b |||||||| |||| 00| 0 eng d
020 ## - INTERNATIONAL STANDARD BOOK NUMBER
International Standard Book Number 9789811632334
082 ## - DEWEY DECIMAL CLASSIFICATION NUMBER
Classification number 624.15136
Item number R39N
100 ## - MAIN ENTRY--PERSONAL NAME
Personal name Ren, Qingyang
245 ## - TITLE STATEMENT
Title Numerical Modeling of Soil Constitutive Relationship/
Remainder of title by Qingyang Ren and Jianting Zhou
260 ## - PUBLICATION, DISTRIBUTION, ETC. (IMPRINT)
Place of publication, distribution, etc Singapore:
Name of publisher, distributor, etc Springer Nature;
Date of publication, distribution, etc 2021.
300 ## - PHYSICAL DESCRIPTION
Extent xvi, 185 p.
650 ## - SUBJECT ADDED ENTRY--TOPICAL TERM
Topical term or geographic name as entry element Agriculture and related technologies | Technology (Applied sciences) | Soils
700 ## - ADDED ENTRY--PERSONAL NAME
Personal name Zhou , Jianting
942 ## - ADDED ENTRY ELEMENTS (KOHA)
Source of classification or shelving scheme
Koha item type Books
Holdings
Withdrawn status Lost status Source of classification or shelving scheme Damaged status Not for loan Home library Current library Shelving location Date acquired Source of acquisition Total Checkouts Full call number Barcode Date last seen Bill Date Koha item type Bill Number
          Dr. Rajendra Prasad Central Agricultural University Pusa, Dr. Rajendra Prasad Central Agricultural University Pusa, General Stacks 13/05/2026 Scientific Publishers (India)   624.15136 R39N 87834 13/05/2026 01/02/2026 Books Invoice/SPI/25-26/425
Hosted, Implemented, Customized & Maintained by: BestBookBuddies

Powered by Koha